Onde estão os Sete? (Registo nº 4710)
[ vista simples ]
| 000 -Etiqueta do registo | |
|---|---|
| Cabeçalho | 01383nam 22002653 4500 |
| 010 ## - Número internacional normalizado dos livros (ISBN) | |
| Número (ISBN) | 9789896608637 |
| 100 ## - Dados gerais de processamento | |
| Dados gerais de processamento | 20260213d20202023u||y0pory50 ba |
| 101 ## - Língua de publicação | |
| Língua do texto, banda sonora, etc. | Português |
| Língua do documento no original | Inglês |
| 102 ## - Pais de publicação ou produção | |
| País de publicação | Reino Unido |
| 200 1# - Titulo e menção de responsabilidade | |
| Título próprio | Onde estão os Sete? |
| Primeira menção de responsabilidade | Enid Blyton |
| Outras menções de responsabilidade | il. Tony Ross |
| -- | trad. Eugénia Antunes |
| 205 ## - Menção da edição | |
| Menção da edição | 3.ª |
| 210 ## - Publicação, Distribuição, etc. | |
| Lugar da edição, distribuição, etc. | Alfragide |
| Nome do editor, distribuidor, etc. | Oficina do Livro |
| Data da publicação, distribuição, etc. | 2023 |
| 215 ## - Descrição física | |
| Indicação específica da natureza do documento e extensão da espécie | 70, [6]p |
| Outras indicações físicas | il. |
| 225 1# - Colecção | |
| Título próprio da colecção | Os (Mini) Sete - Onde estão os Sete? |
| Título paralelo da colecção | Where are the Secret Seven? |
| Número de uma parte ou secção | 4 |
| 300 ## - Notas gerais | |
| Texto da nota | Uma iniciação à leitura perfeita para os mais pequenos e uma forma emocionante de lerem os clássicos de Enid Blyton.<br/>Quando Os Sete visitam uma casa assombrada, descobrem que, afinal, ela não está totalmente abandonada.<br/>De um momento para o outro veem-se presos lá dentro.<br/>E agora, como sairão de lá?<br/> |
| 330 ## - Sumário ou Resumo | |
| Texto da nota | Uma iniciação à leitura perfeita para os mais pequenos e uma forma emocionante de lerem os clássicos de Enid Blyton.<br/>O Pedro está a tomar conta da banca das argolas na feira, mas não resiste ao passeio de pónei que o Fred lhe oferece.<br/>O Ziguezague fica de guarda, no entanto, quando o Pedro regressa, o Ziguezague e o dinheiro desapareceram!<br/>O que se passou?<br/><br/><br/> |
| 510 1# - Título paralelo | |
| Título paralelo | Where are the Secret Seven? |
| 675 ## - Classificação Decimal Universal (CDU) | |
| Notação | 821.111 |
| Edição | 3ª ed. |
| Língua da edição | por |
| 700 #1 - Nome de autor-pessoa física (responsabilidade principal) | |
| Palavra de ordem | Blyton |
| Outra parte do nome não tomada para palavra de ordem | Enid |
| 942 ## - Elementos de entrada adicionados (Koha) | |
| Tipo de item no Koha | Livro |
| 990 ## - Elementos KOHA | |
| Koha item type | Livro |
| Suppress in OPAC | Escondido |
| 994 ## - Estado da catalogação | |
| Situação | PARA CORRIGIR |
| Situação do levantamento | Nº de registo manual | Origin of item (home branch) (coded) | Biblioteca de empréstimo | Lending or holding organisation (holding branch) code | Código de barras | Cota | Circulation type (not for loan) | Tipo de documento | Damaged status |
|---|---|---|---|---|---|---|---|---|---|
| 20865 | Biblioteca Escolar da Coca Maravilhas | Biblioteca Escolar da Coca Maravilhas | Biblioteca Escolar da Coca Maravilhas | BECM20865 | 8AM BLY | Livro |
